| 000 | 01106nam a2200325 a 4500 | ||
|---|---|---|---|
| 001 | 56061 | ||
| 003 | BD-RjUL | ||
| 005 | 20211209080340.0 | ||
| 008 | 161126s2000 enka 001 0 eng | ||
| 020 | _a0761993673 | ||
| 020 | _a0761993681 | ||
| 020 | _a8170368359 | ||
| 020 | _a8170368367 | ||
| 035 | _a(BD-RjUL) 56185 | ||
| 040 |
_aDLC _beng _cDLC _dBD-RjUL _dDLC |
||
| 041 | _aeng | ||
| 082 | 0 | 4 |
_223 _a954.0359 _bMAI 2000 |
| 100 | 1 |
_aMahajan, Sucheta, _d1958- _9166896 |
|
| 245 | 1 | 0 |
_aIndependence and partition : _bthe erosion of colonial power in India / _cby Sucheta Mahajan. |
| 260 |
_aNew Delhi ; _aLondon : _bSage Publications, _c2000. |
||
| 300 |
_a425 p. : _bill. ; _c23 cm. |
||
| 490 | 1 |
_aSage series in modern Indian history ; _v1 |
|
| 504 | _aIncludes bibliographical references and index. | ||
| 650 | 0 |
_aIndia _xPolitics and government _y1919-1947 _9190484 |
|
| 650 | 0 |
_aNationalism _zIndia _9190485 |
|
| 650 | 0 |
_aCommunalism _zIndia. _9132361 |
|
| 651 | 0 |
_aIndia _xHistory _zPartition, 1947. _9166897 |
|
| 830 | 0 |
_aSage series in modern Indian history ; _vv. 1. _9190486 |
|
| 942 |
_2ddc _cBK |
||
| 999 |
_c56061 _d56061 |
||